000 00499nam a22001937a 4500
003 MPLRDC
005 20220104143440.0
008 210129b ||||| |||| 00| 0 eng d
020 _a957-669-275-X
082 _a544.5 LR v.2
100 _a黄建福总编辑
245 _a茶房茶包. II: 寒夜客来
_c
250 _a初版
260 _a
_b万象图书股份有限公司
_c1992
300 _b
490 _a女人女人系列. 2
650 _a妇女; 女性
942 _cBK
_o544.5 LR v.2
999 _c40003
_d39993